[Event "European Online Club-ch-B 2021"]
[Site "Online"]
[Date "2021.03.27"]
[Round "9.4"]
[White "Nikel, Rastislav"]
[Black "Zlatin, Alexander"]
[Result "0-1"]
[WhiteElo "1984"]
[BlackElo "2343"]
[Annotator "NA"]
[PlyCount "90"]
[EventDate "2021.03.27"]
[EventType "team-tourn"]
[EventCountry "NET"]
[SourceTitle "playchess.com"]
[Source "ChessBase"]
[SourceQuality "1"]
[TimeControl "900+5"]

1. d4 {[%emt 0:00:00]} g6 {[%emt 0:00:05]} 2. c4 {[%emt 0:00:03]} Bg7 {[%emt 0:00:02]} 3. Nc3 {[%emt 0:00:02]} d6 {[%emt 0:00:02]} 4. e4 {[%emt 0:00:03]} e5 {[%emt 0:00:20]} 5. Nf3 {[%emt 0:00:25]} exd4 {[%emt 0:00:13]} 6. Nxd4 {[%emt 0:00:03]} Nc6 {[%emt 0:00:03]} 7. Be3 {[%emt 0:00:07]} Nge7 {[%emt 0:00:05]} 8. Be2 {[%emt 0:00:04]} O-O {[%emt 0:00:12]} 9. O-O {[%emt 0:00:04]} f5 {[%emt 0:00:13]} 10. exf5 {[%emt 0:00:09]} Nxf5 {[%emt 0:00:13]} 11. Nxf5 {[%emt 0:00:04]} Bxf5 {[%emt 0:00:00]} 12. Qd2 {[%emt 0:00:07]} Ne5 {[%emt 0:00:25]} 13. Rac1 {[%emt 0:00:21]} Qd7 {[%emt 0:00:39]} 14. c5 {[%emt 0:01:11]} dxc5 {[%emt 0:00:45]} 15. Qxd7 {[%emt 0:00:11]} Nxd7 {[%emt 0:00:43]} 16. Nd5 {[%emt 0:00:07]} c6 {[%emt 0:01:06]} 17. Ne7+ {[%emt 0:00:04]} Kh8 {[%emt 0:00:02]} 18. Nxf5 {[%emt 0:00:03]} Rxf5 {[%emt 0:00:09]} 19. Bg4 {[%emt 0:00:04]} Rd5 {[%emt 0:00:02]} 20. Bxd7 {[%emt 0:00:12]} Rxd7 {[%emt 0:00:02]} 21. Rxc5 {[%emt 0:01:24]} Bxb2 {[%emt 0:00:16]} 22. Rb1 {[%emt 0:00:12]} Bf6 {[%emt 0:00:11]} 23. a4 {[%emt 0:00:07]} Kg7 {[%emt 0:00:11]} 24. a5 {[%emt 0:00:08]} Rad8 {[%emt 0:00:06]} 25. Kf1 {[%emt 0:00:25]} Rd1+ {[%emt 0:00:03]} 26. Rxd1 {[%emt 0:00:03]} Rxd1+ {[%emt 0:00:00]} 27. Ke2 {[%emt 0:00:10]} Ra1 {[%emt 0:00:05]} 28. Bd2 {[%emt 0:00:05]} Ra2 {[%emt 0:00:09]} 29. Kd3 {[%emt 0:00:06]} Bd4 {[%emt 0:00:40]} 30. Rc4 {[%emt 0:00:18]} c5 {[%emt 0:00:16]} 31. f3 {[%emt 0:00:17]} b5 {[%emt 0:00:23]} 32. axb6 {[%emt 0:00:03]} axb6 {[%emt 0:00:00]} 33. Rc1 {[%emt 0:02:18]} Rb2 {[%emt 0:00:25]} 34. g4 {[%emt 0:00:21]} Be5 {[%emt 0:00:13]} 35. h4 {[%emt 0:00:07]} Rxd2+ {[%emt 0:00:04]} 36. Kxd2 {[%emt 0:00:21]} Bf4+ {[%emt 0:00:02]} 37. Kc2 {[%emt 0:00:02]} Bxc1 {[%emt 0:00:00]} 38. Kxc1 {[%emt 0:00:01]} Kf6 {[%emt 0:00:04]} 39. f4 {[%emt 0:00:03]} Ke6 {[%emt 0:00:02]} 40. Kc2 {[%emt 0:00:02]} h5 {[%emt 0:00:08]} 41. f5+ {[%emt 0:00:20]} gxf5 {[%emt 0:00:02]} 42. g5 {[%emt 0:00:21]} b5 {[%emt 0:00:05]} 43. Kd3 {[%emt 0:00:02]} b4 {[%emt 0:00:01]} 44. Kc4 {[%emt 0:00:02]} f4 {[%emt 0:00:01]} 45. Kd3 {[%emt 0:00:03]} b3 {[%emt 0:00:03]} 0-1

[Event "European Online Club-ch-B 2021"]
[Site "Online"]
[Date "2021.03.27"]
[Round "9.5"]
[White "Efimov, Igor"]
[Black "Santos Latasa, Jaime"]
[Result "0-1"]
[WhiteElo "2416"]
[BlackElo "2608"]
[Annotator "ChessBase"]
[PlyCount "60"]
[EventDate "2021.03.27"]
[EventType "team-tourn"]
[EventCountry "NET"]
[SourceTitle "playchess.com"]
[Source "ChessBase"]
[SourceQuality "1"]
[TimeControl "900+5"]

1. d4 {[%emt 0:00:00]} Nf6 {[%emt 0:00:04]} 2. Bg5 {[%emt 0:00:03]} c5 {[%emt 0:00:03]} 3. Nc3 {[%emt 0:00:06]} d5 {[%emt 0:00:01]} 4. Bxf6 {[%emt 0:00:19]} gxf6 {[%emt 0:00:04]} 5. e3 {[%emt 0:00:16]} e6 {[%emt 0:00:05]} 6. Nf3 {[%emt 0:00:05]} Nc6 {[%emt 0:00:06]} 7. Be2 {[%emt 0:00:18]} a6 {[%emt 0:00:16]} 8. O-O {[%emt 0:00:03]} f5 {[%emt 0:00:03]} 9. dxc5 {[%emt 0:00:20]} Bxc5 {[%emt 0:00:04]} 10. Nd4 {[%emt 0:00:04]} Bd7 {[%emt 0:00:06]} 11. Bf3 {[%emt 0:00:11]} O-O {[%emt 0:00:18]} 12. Nce2 {[%emt 0:00:07]} Ne5 {[%emt 0:00:03]} 13. Ng3 {[%emt 0:00:15]} Kh8 {[%emt 0:00:06]} 14. a4 {[%emt 0:00:15]} Rc8 {[%emt 0:00:08]} 15. c3 {[%emt 0:00:03]} Qe7 {[%emt 0:00:18]} 16. Re1 {[%emt 0:00:10]} Rg8 {[%emt 0:00:14]} 17. Bh5 {[%emt 0:00:39]} Qf6 {[%emt 0:00:53]} 18. Nf3 {[%emt 0:01:04]} Nc4 {[%emt 0:00:12]} 19. b3 {[%emt 0:00:18]} Nd6 {[%emt 0:00:07]} 20. Nd4 {[%emt 0:00:26]} Ba7 {[%emt 0:00:14]} 21. Rc1 {[%emt 0:00:11]} Ne4 {[%emt 0:00:24]} 22. c4 {[%emt 0:00:21]} f4 {[%emt 0:03:11]} 23. Nxe4 {[%emt 0:00:19]} dxe4 {[%emt 0:00:03]} 24. g3 {[%emt 0:01:07]} Rcd8 {[%emt 0:00:23]} 25. Qc2 {[%emt 0:00:20]} e5 {[%emt 0:00:56]} 26. Ne2 {[%emt 0:00:08]} fxe3 {[%emt 0:00:04]} 27. fxe3 {[%emt 0:01:08]} Qg5 {[%emt 0:00:05]} 28. Nc3 {[%emt 0:01:34]} Bxe3+ {[%emt 0:00:50]} 29. Rxe3 {[%emt 0:00:05]} Qxe3+ {[%emt 0:00:03]} 30. Kg2 {[%emt 0:00:12]} Bg4 {[%emt 0:00:18]} 0-1

[Event "European Online Club-ch-B 2021"]
[Site "Online"]
[Date "2021.03.27"]
[Round "9.6"]
[White "Admiraal, Miguoel"]
[Black "Bagheri, Amir"]
[Result "1-0"]
[WhiteElo "2475"]
[BlackElo "2348"]
[Annotator "ChessBase"]
[PlyCount "35"]
[EventDate "2021.03.27"]
[EventType "team-tourn"]
[EventCountry "NET"]
[SourceTitle "playchess.com"]
[Source "ChessBase"]
[SourceQuality "1"]
[TimeControl "900+5"]

1. d4 {[%emt 0:00:00]} Nf6 {[%emt 0:00:04]} 2. Bg5 {[%emt 0:00:04]} e6 {[%emt 0:00:08]} 3. e4 {[%emt 0:00:01]} h6 {[%emt 0:00:07]} 4. Bxf6 {[%emt 0:00:02]} Qxf6 {[%emt 0:00:01]} 5. c3 {[%emt 0:00:00]} d6 {[%emt 0:00:06]} 6. Bd3 {[%emt 0:00:02]} g6 {[%emt 0:00:06]} 7. Ne2 {[%emt 0:00:02]} e5 {[%emt 0:00:25]} 8. O-O {[%emt 0:00:02]} Bg7 {[%emt 0:00:07]} 9. f4 {[%emt 0:00:01]} exd4 {[%emt 0:00:08]} 10. cxd4 {[%emt 0:00:09]} Bg4 {[%emt 0:00:56]} 11. Qa4+ {[%emt 0:01:52]} Nd7 {[%emt 0:00:31]} 12. Nbc3 {[%emt 0:00:12]} Bxe2 {[%emt 0:00:07]} 13. Nxe2 {[%emt 0:00:46]} Qe7 {[%emt 0:00:30]} 14. f5 {[%emt 0:01:30]} O-O {[%emt 0:01:40]} 15. fxg6 {[%emt 0:00:47]} fxg6 {[%emt 0:00:03]} 16. Nf4 {[%emt 0:00:03]} Nb6 {[%emt 0:02:54]} 17. Qb3+ {[%emt 0:00:15]} Qf7 {[%emt 0:00:22]} 18. Ne6 {[%emt 0:00:14]} 1-0

[Event "European Online Club-ch-B 2021"]
[Site "Online"]
[Date "2021.03.27"]
[Round "9.7"]
[White "Villegas, Pierre"]
[Black "Matnadze, Ana"]
[Result "1/2-1/2"]
[WhiteElo "2367"]
[BlackElo "2421"]
[Annotator "NA"]
[PlyCount "101"]
[EventDate "2021.03.27"]
[EventType "team-tourn"]
[EventCountry "NET"]
[SourceTitle "playchess.com"]
[Source "ChessBase"]
[SourceQuality "1"]
[TimeControl "900+5"]

1. d4 {[%emt 0:00:00]} Nf6 {[%emt 0:00:05]} 2. c4 {[%emt 0:00:04]} e6 {[%emt 0:00:02]} 3. Nc3 {[%emt 0:00:02]} d5 {[%emt 0:00:02]} 4. cxd5 {[%emt 0:00:02]} exd5 {[%emt 0:00:03]} 5. Bg5 {[%emt 0:00:02]} c6 {[%emt 0:00:02]} 6. e3 {[%emt 0:00:03]} Nbd7 {[%emt 0:00:03]} 7. Bd3 {[%emt 0:00:03]} Be7 {[%emt 0:00:01]} 8. Nge2 {[%emt 0:00:05]} Nf8 {[%emt 0:00:02]} 9. O-O {[%emt 0:00:09]} Ne6 {[%emt 0:00:02]} 10. Bh4 {[%emt 0:00:02]} g6 {[%emt 0:00:08]} 11. f3 {[%emt 0:00:18]} O-O {[%emt 0:00:12]} 12. Kh1 {[%emt 0:00:52]} Ng7 {[%emt 0:00:16]} 13. Bf2 {[%emt 0:00:16]} c5 {[%emt 0:00:15]} 14. dxc5 {[%emt 0:00:37]} Bxc5 {[%emt 0:00:06]} 15. Qd2 {[%emt 0:00:14]} Re8 {[%emt 0:00:21]} 16. Nb5 {[%emt 0:02:02]} a6 {[%emt 0:00:18]} 17. Nbd4 {[%emt 0:00:04]} Bd7 {[%emt 0:00:38]} 18. Rac1 {[%emt 0:00:17]} Rc8 {[%emt 0:00:03]} 19. Rc2 {[%emt 0:02:07]} Qe7 {[%emt 0:00:34]} 20. Rfc1 {[%emt 0:00:35]} Bd6 {[%emt 0:00:03]} 21. Rxc8 {[%emt 0:00:19]} Bxc8 {[%emt 0:00:03]} 22. Rd1 {[%emt 0:01:16]} Bd7 {[%emt 0:00:10]} 23. Nc3 {[%emt 0:00:20]} h6 {[%emt 0:00:39]} 24. e4 {[%emt 0:00:51]} Ngh5 {[%emt 0:01:53]} 25. g3 {[%emt 0:01:19]} Bb4 {[%emt 0:00:48]} 26. exd5 {[%emt 0:00:27]} Qd6 {[%emt 0:00:44]} 27. Qxh6 {[%emt 0:01:29]} Bxc3 {[%emt 0:00:17]} 28. bxc3 {[%emt 0:00:02]} Qxd5 {[%emt 0:00:13]} 29. c4 {[%emt 0:00:40]} Qa5 {[%emt 0:00:53]} 30. Qd2 {[%emt 0:00:03]} Qc7 {[%emt 0:00:29]} 31. Re1 {[%emt 0:00:19]} Rd8 {[%emt 0:00:07]} 32. Qg5 {[%emt 0:00:18]} Bc6 {[%emt 0:00:42]} 33. Nxc6 {[%emt 0:00:38]} Qxc6 {[%emt 0:00:03]} 34. Be4 {[%emt 0:00:26]} Qc7 {[%emt 0:01:28]} 35. g4 {[%emt 0:00:27]} Nxe4 {[%emt 0:00:11]} 36. Rxe4 {[%emt 0:00:01]} Ng7 {[%emt 0:00:13]} 37. Qf6 {[%emt 0:00:37]} Rd6 {[%emt 0:00:29]} 38. Qe5 {[%emt 0:00:29]} Qd7 {[%emt 0:00:04]} 39. Kg2 {[%emt 0:00:04]} Ne6 {[%emt 0:00:18]} 40. h4 {[%emt 0:00:11]} Rd2 {[%emt 0:00:15]} 41. h5 {[%emt 0:00:03]} g5 {[%emt 0:00:09]} 42. h6 {[%emt 0:00:03]} Qd8 {[%emt 0:01:40]} 43. Kg3 {[%emt 0:00:09]} Qd6 {[%emt 0:00:30]} 44. Be3 {[%emt 0:00:06]} Qxe5+ {[%emt 0:00:38]} 45. Rxe5 {[%emt 0:00:01]} Re2 {[%emt 0:00:01]} 46. a4 {[%emt 0:00:09]} Kh7 {[%emt 0:00:04]} 47. a5 {[%emt 0:00:06]} Kg6 {[%emt 0:00:24]} 48. Kh3 {[%emt 0:00:02]} Kh7 {[%emt 0:00:16]} 49. Kg3 {[%emt 0:00:02]} Kg6 {[%emt 0:00:06]} 50. Re4 {[%emt 0:00:03]} Kh7 {[%emt 0:00:26]} 51. Re5 {[%emt 0:00:05]} 1/2-1/2

[Event "European Online Club-ch-B 2021"]
[Site "Online"]
[Date "2021.03.27"]
[Round "9.8"]
[White "Grochal, Joey"]
[Black "Meylan, Andre"]
[Result "0-1"]
[WhiteElo "2335"]
[BlackElo "2205"]
[Annotator "NA"]
[PlyCount "56"]
[EventDate "2021.03.27"]
[EventType "team-tourn"]
[EventCountry "NET"]
[SourceTitle "playchess.com"]
[Source "ChessBase"]
[SourceQuality "1"]
[TimeControl "900+5"]

1. d4 {[%emt 0:00:00]} e6 {[%emt 0:00:03]} 2. c4 {[%emt 0:00:03]} Nf6 {[%emt 0:00:01]} 3. Nf3 {[%emt 0:00:02]} b6 {[%emt 0:00:02]} 4. a3 {[%emt 0:00:01]} Bb7 {[%emt 0:00:02]} 5. Nc3 {[%emt 0:00:02]} d5 {[%emt 0:00:15]} 6. cxd5 {[%emt 0:00:02]} Nxd5 {[%emt 0:00:05]} 7. Qc2 {[%emt 0:00:01]} c5 {[%emt 0:00:11]} 8. e4 {[%emt 0:00:28]} Nxc3 {[%emt 0:00:29]} 9. bxc3 {[%emt 0:00:00]} cxd4 {[%emt 0:00:16]} 10. cxd4 {[%emt 0:00:04]} Nd7 {[%emt 0:00:06]} 11. Bd3 {[%emt 0:00:09]} Be7 {[%emt 0:00:12]} 12. Qe2 {[%emt 0:00:33]} O-O {[%emt 0:00:34]} 13. O-O {[%emt 0:00:10]} Nf6 {[%emt 0:00:11]} 14. a4 {[%emt 0:00:51]} Rc8 {[%emt 0:00:18]} 15. Bd2 {[%emt 0:00:51]} Qd7 {[%emt 0:01:53]} 16. a5 {[%emt 0:00:16]} Rfd8 {[%emt 0:00:37]} 17. axb6 {[%emt 0:00:44]} axb6 {[%emt 0:00:00]} 18. Rfb1 {[%emt 0:00:08]} Qc6 {[%emt 0:00:27]} 19. Ne5 {[%emt 0:01:35]} Qc7 {[%emt 0:00:17]} 20. Ra4 {[%emt 0:03:25]} Nd7 {[%emt 0:03:24]} 21. Rc4 {[%emt 0:02:38]} Qb8 {[%emt 0:00:39]} 22. Nxd7 {[%emt 0:01:13]} Rxd7 {[%emt 0:00:00]} 23. Rxb6 {[%emt 0:00:16]} Rxc4 {[%emt 0:00:54]} 24. Bxc4 {[%emt 0:00:03]} Qa7 {[%emt 0:00:22]} 25. Rb1 {[%emt 0:02:15]} Qxd4 {[%emt 0:00:24]} 26. Bd3 {[%emt 0:00:18]} Qxd3 {[%emt 0:00:42]} 27. Qxd3 {[%emt 0:00:03]} Rxd3 {[%emt 0:00:04]} 28. Rxb7 {[%emt 0:00:05]} Rxd2 {[%emt 0:00:07]} 0-1

[Event "European Online Club-ch-B 2021"]
[Site "Online"]
[Date "2021.03.27"]
[Round "9.9"]
[White "Demidov, Mikhail"]
[Black "Edouard, Romain"]
[Result "1/2-1/2"]
[WhiteElo "2523"]
[BlackElo "2614"]
[Annotator "ChessBase"]
[PlyCount "101"]
[EventDate "2021.03.27"]
[EventType "team-tourn"]
[EventCountry "NET"]
[SourceTitle "playchess.com"]
[Source "ChessBase"]
[SourceQuality "1"]
[TimeControl "900+5"]

1. e4 {[%emt 0:00:00]} c5 {[%emt 0:00:03]} 2. Nf3 {[%emt 0:00:08]} e6 {[%emt 0:00:07]} 3. c3 {[%emt 0:00:02]} d5 {[%emt 0:00:02]} 4. exd5 {[%emt 0:00:04]} exd5 {[%emt 0:00:00]} 5. d4 {[%emt 0:00:01]} Nc6 {[%emt 0:00:03]} 6. Be3 {[%emt 0:00:06]} c4 {[%emt 0:00:02]} 7. b3 {[%emt 0:00:02]} cxb3 {[%emt 0:00:00]} 8. axb3 {[%emt 0:00:02]} Bd6 {[%emt 0:00:01]} 9. Bd3 {[%emt 0:00:06]} Nge7 {[%emt 0:00:00]} 10. O-O {[%emt 0:00:03]} Bf5 {[%emt 0:00:08]} 11. Re1 {[%emt 0:00:05]} O-O {[%emt 0:00:04]} 12. Bg5 {[%emt 0:00:08]} f6 {[%emt 0:00:06]} 13. Bh4 {[%emt 0:00:02]} Qd7 {[%emt 0:00:03]} 14. Bg3 {[%emt 0:00:02]} Bxg3 {[%emt 0:00:02]} 15. hxg3 {[%emt 0:00:02]} Bxd3 {[%emt 0:00:02]} 16. Qxd3 {[%emt 0:00:02]} Nf5 {[%emt 0:00:00]} 17. Nbd2 {[%emt 0:00:11]} Rfe8 {[%emt 0:00:01]} 18. g4 {[%emt 0:00:34]} Nd6 {[%emt 0:00:08]} 19. g5 {[%emt 0:00:01]} fxg5 {[%emt 0:00:22]} 20. Nxg5 {[%emt 0:00:03]} Qf5 {[%emt 0:00:02]} 21. Qxf5 {[%emt 0:00:42]} Nxf5 {[%emt 0:00:00]} 22. Ne6 {[%emt 0:00:03]} Re7 {[%emt 0:00:10]} 23. Nf4 {[%emt 0:00:05]} Rxe1+ {[%emt 0:00:08]} 24. Rxe1 {[%emt 0:00:01]} Rd8 {[%emt 0:00:01]} 25. g4 {[%emt 0:00:42]} Nfe7 {[%emt 0:00:09]} 26. Ne6 {[%emt 0:00:24]} Rd6 {[%emt 0:00:05]} 27. f4 {[%emt 0:00:12]} a5 {[%emt 0:00:15]} 28. Kg2 {[%emt 0:00:30]} b5 {[%emt 0:00:03]} 29. Kg3 {[%emt 0:00:21]} g6 {[%emt 0:00:10]} 30. Nc7 {[%emt 0:00:59]} b4 {[%emt 0:00:07]} 31. cxb4 {[%emt 0:00:08]} axb4 {[%emt 0:00:00]} 32. Nf3 {[%emt 0:00:06]} Rd7 {[%emt 0:00:06]} 33. Ne6 {[%emt 0:00:19]} Ra7 {[%emt 0:00:02]} 34. Nc5 {[%emt 0:00:15]} Ra2 {[%emt 0:00:17]} 35. Re6 {[%emt 0:03:06]} Kf8 {[%emt 0:00:20]} 36. Ne5 {[%emt 0:01:16]} Nxe5 {[%emt 0:00:43]} 37. fxe5 {[%emt 0:00:25]} Rd2 {[%emt 0:00:14]} 38. Rb6 {[%emt 0:00:05]} h5 {[%emt 0:00:09]} 39. Rxb4 {[%emt 0:01:04]} hxg4 {[%emt 0:00:20]} 40. Kxg4 {[%emt 0:00:15]} Nc6 {[%emt 0:00:05]} 41. Rb6 {[%emt 0:00:52]} Nxd4 {[%emt 0:00:15]} 42. Rb8+ {[%emt 0:00:17]} Kg7 {[%emt 0:00:21]} 43. Rd8 {[%emt 0:00:26]} Rg2+ {[%emt 0:00:11]} 44. Kh3 {[%emt 0:00:06]} Re2 {[%emt 0:00:16]} 45. Rxd5 {[%emt 0:00:10]} Nxb3 {[%emt 0:00:02]} 46. Ne6+ {[%emt 0:00:26]} Kf7 {[%emt 0:00:18]} 47. Nf4 {[%emt 0:00:06]} Re4 {[%emt 0:00:08]} 48. Kg3 {[%emt 0:01:05]} Nd4 {[%emt 0:00:13]} 49. Ra5 {[%emt 0:00:27]} Ne2+ {[%emt 0:00:23]} 50. Nxe2 {[%emt 0:00:05]} Rxe2 {[%emt 0:00:00]} 51. Kf4 {[%emt 0:00:05]} 1/2-1/2

[Event "European Online Club-ch-B 2021"]
[Site "Online"]
[Date "2021.03.27"]
[Round "9.10"]
[White "Fontaine, Robert"]
[Black "Baltag, Iulian"]
[Result "0-1"]
[WhiteElo "2550"]
[BlackElo "2393"]
[Annotator "ChessBase"]
[PlyCount "80"]
[EventDate "2021.03.27"]
[EventType "team-tourn"]
[EventCountry "NET"]
[SourceTitle "playchess.com"]
[Source "ChessBase"]
[SourceQuality "1"]
[TimeControl "900+5"]

1. e4 {[%emt 0:00:00]} e6 {[%emt 0:00:11]} 2. d4 {[%emt 0:00:03]} d5 {[%emt 0:00:01]} 3. Bd3 {[%emt 0:00:01]} dxe4 {[%emt 0:00:05]} 4. Bxe4 {[%emt 0:00:01]} Nf6 {[%emt 0:00:02]} 5. Bf3 {[%emt 0:00:01]} c5 {[%emt 0:00:14]} 6. Ne2 {[%emt 0:00:02]} Nc6 {[%emt 0:00:02]} 7. Be3 {[%emt 0:00:02]} cxd4 {[%emt 0:00:02]} 8. Nxd4 {[%emt 0:00:06]} Ne5 {[%emt 0:00:02]} 9. Be2 {[%emt 0:00:04]} Bb4+ {[%emt 0:00:16]} 10. c3 {[%emt 0:00:04]} Be7 {[%emt 0:00:02]} 11. O-O {[%emt 0:00:04]} O-O {[%emt 0:00:02]} 12. c4 {[%emt 0:00:03]} Bd7 {[%emt 0:00:06]} 13. Nc3 {[%emt 0:00:03]} Rc8 {[%emt 0:00:15]} 14. b3 {[%emt 0:01:25]} Qa5 {[%emt 0:00:23]} 15. Qc2 {[%emt 0:00:06]} a6 {[%emt 0:00:15]} 16. a3 {[%emt 0:00:29]} Qc7 {[%emt 0:00:11]} 17. h3 {[%emt 0:01:52]} b5 {[%emt 0:00:21]} 18. Bf4 {[%emt 0:00:27]} Nf3+ {[%emt 0:00:21]} 19. Nxf3 {[%emt 0:00:11]} Qxf4 {[%emt 0:00:02]} 20. Rfd1 {[%emt 0:00:02]} Bc6 {[%emt 0:00:39]} 21. cxb5 {[%emt 0:00:32]} axb5 {[%emt 0:00:26]} 22. Qb2 {[%emt 0:00:04]} b4 {[%emt 0:00:28]} 23. axb4 {[%emt 0:00:09]} Qxb4 {[%emt 0:00:05]} 24. Rac1 {[%emt 0:00:42]} Bb7 {[%emt 0:00:19]} 25. Nb5 {[%emt 0:00:16]} Bd5 {[%emt 0:00:19]} 26. Nbd4 {[%emt 0:00:37]} Ne4 {[%emt 0:00:18]} 27. Ne5 {[%emt 0:00:59]} Nc3 {[%emt 0:00:18]} 28. Rd3 {[%emt 0:01:58]} Nxe2+ {[%emt 0:00:28]} 29. Nxe2 {[%emt 0:00:02]} Rxc1+ {[%emt 0:00:22]} 30. Qxc1 {[%emt 0:00:09]} Qe4 {[%emt 0:00:18]} 31. Rxd5 {[%emt 0:00:52]} exd5 {[%emt 0:00:16]} 32. Qe3 {[%emt 0:00:02]} Qxe3 {[%emt 0:00:09]} 33. fxe3 {[%emt 0:00:02]} Bc5 {[%emt 0:00:18]} 34. Nd4 {[%emt 0:00:06]} Bxd4 {[%emt 0:00:53]} 35. exd4 {[%emt 0:00:03]} Rb8 {[%emt 0:00:12]} 36. Nc6 {[%emt 0:00:02]} Rxb3 {[%emt 0:00:12]} 37. Kf2 {[%emt 0:00:06]} Kf8 {[%emt 0:00:13]} 38. h4 {[%emt 0:00:02]} f6 {[%emt 0:00:12]} 39. Na5 {[%emt 0:00:04]} Rb5 {[%emt 0:00:14]} 40. Nc6 {[%emt 0:00:02]} Ke8 {[%emt 0:00:09]} 0-1

[Event "European Online Club-ch-B 2021"]
[Site "Online"]
[Date "2021.03.27"]
[Round "9.11"]
[White "Andriasyan, Siranush"]
[Black "Riff, Jean-Noel"]
[Result "1/2-1/2"]
[WhiteElo "2298"]
[BlackElo "2499"]
[Annotator "ChessBase"]
[PlyCount "151"]
[EventDate "2021.03.27"]
[EventType "team-tourn"]
[EventCountry "NET"]
[SourceTitle "playchess.com"]
[Source "ChessBase"]
[SourceQuality "1"]
[TimeControl "900+5"]

1. e4 {[%emt 0:00:00]} c5 {[%emt 0:00:03]} 2. Nf3 {[%emt 0:00:03]} d6 {[%emt 0:00:02]} 3. d4 {[%emt 0:00:02]} cxd4 {[%emt 0:00:02]} 4. Nxd4 {[%emt 0:00:02]} Nf6 {[%emt 0:00:02]} 5. Nc3 {[%emt 0:00:01]} e6 {[%emt 0:00:01]} 6. Bg5 {[%emt 0:00:15]} h6 {[%emt 0:00:05]} 7. Be3 {[%emt 0:00:08]} Nc6 {[%emt 0:00:05]} 8. f3 {[%emt 0:00:06]} Be7 {[%emt 0:00:02]} 9. Qd2 {[%emt 0:00:03]} O-O {[%emt 0:00:02]} 10. O-O-O {[%emt 0:00:03]} d5 {[%emt 0:00:01]} 11. Qe1 {[%emt 0:04:41]} e5 {[%emt 0:00:03]} 12. Nxc6 {[%emt 0:00:03]} bxc6 {[%emt 0:00:02]} 13. Qg3 {[%emt 0:00:48]} Qd6 {[%emt 0:00:50]} 14. Na4 {[%emt 0:02:02]} d4 {[%emt 0:00:13]} 15. Bd2 {[%emt 0:00:25]} Be6 {[%emt 0:00:23]} 16. b3 {[%emt 0:00:21]} Kh8 {[%emt 0:01:10]} 17. Bd3 {[%emt 0:01:25]} Nd7 {[%emt 0:00:03]} 18. f4 {[%emt 0:00:20]} Rab8 {[%emt 0:01:30]} 19. Nb2 {[%emt 0:00:40]} Qa3 {[%emt 0:00:05]} 20. Kb1 {[%emt 0:00:08]} exf4 {[%emt 0:00:37]} 21. Bxf4 {[%emt 0:00:19]} Bb4 {[%emt 0:00:25]} 22. Bc1 {[%emt 0:00:24]} Qa5 {[%emt 0:00:09]} 23. Bc4 {[%emt 0:00:39]} Bc3 {[%emt 0:00:10]} 24. Bxe6 {[%emt 0:00:17]} fxe6 {[%emt 0:00:02]} 25. Rhf1 {[%emt 0:00:21]} Ne5 {[%emt 0:01:33]} 26. Qh4 {[%emt 0:00:53]} Kh7 {[%emt 0:00:42]} 27. Qe7 {[%emt 0:00:44]} Rfe8 {[%emt 0:00:03]} 28. Qh4 {[%emt 0:00:13]} Rb7 {[%emt 0:00:34]} 29. g4 {[%emt 0:00:09]} Ng6 {[%emt 0:00:21]} 30. Qh3 {[%emt 0:00:26]} Bxb2 {[%emt 0:00:36]} 31. Bxb2 {[%emt 0:00:00]} e5 {[%emt 0:00:08]} 32. g5 {[%emt 0:00:06]} Nf4 {[%emt 0:00:23]} 33. Qg4 {[%emt 0:00:18]} Qd8 {[%emt 0:00:16]} 34. gxh6 {[%emt 0:00:09]} gxh6 {[%emt 0:00:04]} 35. Qf5+ {[%emt 0:00:04]} Ng6 {[%emt 0:00:09]} 36. Rg1 {[%emt 0:00:16]} Rg7 {[%emt 0:00:04]} 37. h4 {[%emt 0:00:11]} Rf8 {[%emt 0:00:05]} 38. Qe6 {[%emt 0:00:24]} Qf6 {[%emt 0:00:03]} 39. Qh3 {[%emt 0:00:31]} Qf3 {[%emt 0:00:13]} 40. Qe6 {[%emt 0:00:10]} Rf6 {[%emt 0:00:08]} 41. Qc4 {[%emt 0:00:06]} Rgf7 {[%emt 0:00:11]} 42. h5 {[%emt 0:00:05]} Qxh5 {[%emt 0:00:03]} 43. Rh1 {[%emt 0:00:02]} Qf3 {[%emt 0:00:06]} 44. Bc1 {[%emt 0:00:05]} Nf4 {[%emt 0:00:01]} 45. Rdg1 {[%emt 0:00:06]} Qxe4 {[%emt 0:00:04]} 46. Qc5 {[%emt 0:00:06]} d3 {[%emt 0:00:06]} 47. Kb2 {[%emt 0:00:08]} dxc2 {[%emt 0:00:04]} 48. Bxf4 {[%emt 0:00:01]} Rxf4 {[%emt 0:00:09]} 49. Qd6 {[%emt 0:00:05]} Qd4+ {[%emt 0:00:01]} 50. Qxd4 {[%emt 0:00:02]} Rxd4 {[%emt 0:00:11]} 51. Kxc2 {[%emt 0:00:09]} Rf2+ {[%emt 0:00:02]} 52. Kc3 {[%emt 0:00:02]} Rxa2 {[%emt 0:00:04]} 53. Re1 {[%emt 0:00:02]} Ra5 {[%emt 0:00:02]} 54. Ref1 {[%emt 0:00:05]} Rf4 {[%emt 0:00:04]} 55. Rd1 {[%emt 0:00:04]} Rd5 {[%emt 0:00:02]} 56. Ra1 {[%emt 0:00:05]} a5 {[%emt 0:00:01]} 57. Kb2 {[%emt 0:00:05]} Rf3 {[%emt 0:00:03]} 58. Rac1 {[%emt 0:00:04]} c5 {[%emt 0:00:19]} 59. Ra1 {[%emt 0:00:03]} Rd2+ {[%emt 0:00:02]} 60. Kc1 {[%emt 0:00:08]} Rg2 {[%emt 0:00:03]} 61. Rxa5 {[%emt 0:00:03]} Rc3+ {[%emt 0:00:01]} 62. Kd1 {[%emt 0:00:07]} Rxb3 {[%emt 0:00:02]} 63. Ra7+ {[%emt 0:00:04]} Kg6 {[%emt 0:00:01]} 64. Kc1 {[%emt 0:00:05]} h5 {[%emt 0:00:04]} 65. Rc7 {[%emt 0:00:13]} Rc3+ {[%emt 0:00:06]} 66. Kb1 {[%emt 0:00:03]} e4 {[%emt 0:00:03]} 67. Rc6+ {[%emt 0:00:07]} Kg5 {[%emt 0:00:03]} 68. Rc8 {[%emt 0:00:02]} Kf4 {[%emt 0:00:01]} 69. Rxh5 {[%emt 0:00:05]} Rf3 {[%emt 0:00:09]} 70. Rcxc5 {[%emt 0:00:04]} e3 {[%emt 0:00:05]} 71. Rc4+ {[%emt 0:00:04]} Kg3 {[%emt 0:00:01]} 72. Rg5+ {[%emt 0:00:09]} Kf2 {[%emt 0:00:02]} 73. Rc2+ {[%emt 0:00:03]} e2 {[%emt 0:00:05]} 74. Rxe2+ {[%emt 0:00:02]} Kxe2 {[%emt 0:00:01]} 75. Rxg2+ {[%emt 0:00:03]} Rf2 {[%emt 0:00:01]} 76. Rxf2+ {[%emt 0:00:05]} 1/2-1/2